Catálogo
 En Linea

Maquilla tu vida : (Registro nro. 48454)

Detalles MARC
000 -CABECERA
campo de control de longitud fija 00569nam a2200169 a 4500
001 - NÚMERO DE CONTROL
campo de control 000048966
005 - FECHA Y HORA DE LA ÚLTIMA TRANSACCIÓN
campo de control 20201002061541.0
008 - DATOS DE LONGITUD FIJA--INFORMACIÓN GENERAL
campo de control de longitud fija 190314s201u dr c 000 0 spa d
040 ## - FUENTE DE LA CATALOGACIÓN
Centro catalogador/agencia de origen DO-SdBNP
Lengua de catalogación spa
Centro/agencia transcriptor BNPHU
082 ## - NÚMERO DE LA CLASIFICACIÓN DECIMAL DEWEY
Número de clasificación xxxx
Número de documento/Ítem S159m
100 1# - ENTRADA PRINCIPAL--NOMBRE DE PERSONA
Nombre de persona Saladin, Carolina
9 (RLIN) 76391
245 10 - MENCIÓN DE TÍTULO
Título Maquilla tu vida :
Resto del título tu actitud es tu mejor maquillaje /
Mención de responsabilidad, etc. Carolina Saladin ; fotografía Patricia Collado.
260 ## - PUBLICACIÓN, DISTRIBUCIÓN, ETC.
Lugar de publicación, distribución, etc. [Santo Domingo] :
Nombre del editor, distribuidor, etc. [s.d],
Fecha de publicación, distribución, etc. [201-].
300 ## - DESCRIPCIÓN FÍSICA
Extensión 114 p. ; :
Otras características físicas retrs. ;
Dimensiones 23 cm.
590 ## - NOTA LOCAL (RLIN)
Nota local Inventariado, 2019/ YL
700 12 - PUNTO DE ACCESO ADICIONAL--NOMBRE DE PERSONA
Nombre de persona Collado, Patricia
Término indicativo de función/relación fot.
9 (RLIN) 76392
Existencias
Estado de retiro Estado de pérdida No para préstamo Código de colección Localización permanente Ubicación/localización actual Ubicación en estantería Fecha de adquisición Número de inventario Total de préstamos Signatura topográfica completa Código de barras Fecha visto por última vez Número de copia Precio válido a partir de Tipo de ítem Koha Restricciones de uso
    Excluido de préstamo Dominicana de Servicio General General En catalogación 27.06.2019 LF1   xxxx S159m 48966-30 25.06.2020 e. 3 25.06.2020 Libro y Folleto Colección Dominicana de Servicio  
      Dominicana de Servicio General General Depósito 10.05.2019 LF1   xxxx S159m 48967-30 25.06.2020 e. 3 25.06.2020 Libro y Folleto Colección Dominicana de Servicio  
    Excluido de préstamo Patrimonio Dominicano Patrimonio Dominicano Patrimonio Dominicano En catalogación 08.05.2019 LF1   xxxx S159m 48966-10 25.06.2020   25.06.2020 Libro y Folleto Colección Patrimonio Dominicano  
    Excluido de préstamo Patrimonio Dominicano Patrimonio Dominicano Patrimonio Dominicano En catalogación 08.05.2019 LF1   xxxx S159m 48966-20 25.06.2020 e. 2 25.06.2020 Libro y Folleto Colección Patrimonio Dominicano  
    Excluido de préstamo Patrimonio Dominicano Patrimonio Dominicano Patrimonio Dominicano Depósito 10.05.2019 LF1   xxxx S159m 48967-10 25.06.2020   25.06.2020 Libro y Folleto Colección Patrimonio Dominicano  
    Excluido de préstamo Patrimonio Dominicano Patrimonio Dominicano Patrimonio Dominicano Depósito 10.05.2019 LF1   xxxx S159m 48967-20 25.06.2020 e. 2 25.06.2020 Libro y Folleto Colección Patrimonio Dominicano  

Con tecnología Koha